| 000 | 00558ntaaa2200181 4500 | ||
|---|---|---|---|
| 003 | 01 | ||
| 005 | 20251027203149.0 | ||
| 008 | 0714s1973 ag 01 | ||
| 040 |
_aAR-BaBN _bspa _cAR-BaBN _eaacr _dRIC |
||
| 082 | _a270.0000 L35c2 | ||
| 100 |
_aLatourette, Kenneth Scott _9780 |
||
| 245 | _aHistoria del cristianismo, Tomo II | ||
| 250 | _a2 ed. | ||
| 260 |
_aEl Paso : _bCasa Bautista de Publicaciones, _c1967 |
||
| 300 | _a964 p | ||
| 500 | _aEjemplar donado a la Biblioteca Interreligiosa de la Ciudad Autonoma de Buenos Aires en Mayo de 2007 | ||
| 942 | _cBK | ||
| 999 |
_c27082 _d27082 |
||